Countries with no Common Official Language with their Neighbours - Statistics

General Stats
  • This quiz has been taken 176 times
  • The average score is 12 of 20
Answer Stats
# B Country % Correct
14 China
93%
10 Brazil
81%
7 Poland
79%
7 Hungary
76%
8 Turkey
76%
7 Iran
70%
5 Slovakia
68%
5 Bulgaria
65%
5 Burma
65%
7 Ukraine
65%
5 Laos
58%
5 Romania
58%
5 Spain
54%
6 Afghanistan
51%
6 Ethiopia
50%
5 Uzbekistan
47%
5 Macedonia
36%
5 Azerbaijan
33%
6 Mozambique
27%
5 Montenegro
19%
No matching quizzes found
Score Distribution
Percent of People with Each Score
Percentile by Number Answered
Your Score History
You have not taken this quiz